[Event "11th Dubai Open 2009"]
[Site "Dubai"]
[Date "2009.05.04"]
[Round "9.47"]
[White "Abtini, Hasan"]
[Black "Lejlic, Samir"]
[Result "0-1"]
[WhiteElo "1979"]
[BlackElo "2388"]
[PlyCount "68"]
[EventDate "2009.04.26"]
[WhiteTeam "Rusia"]
[BlackTeam "Irán"]
[WhiteTeamCountry "RUS"]
[BlackTeamCountry "IRI"]

1. e4 e5 2. Nf3 Nc6 3. Bb5 a6 4. Ba4 d6 5. c3 Nge7 6. O-O Bd7 7. d4 Ng6 8. Re1
Be7 9. Nbd2 O-O 10. Nf1 Qe8 11. Bc2 Bg4 12. d5 Nb8 13. Ne3 Bc8 14. Nf5 Bf6 15.
g3 Ne7 16. h4 Kh8 17. Bg5 Ng8 18. Qd2 Nd7 19. Kg2 g6 20. Nh6 Bg7 21. Nxg8 Kxg8
22. Bh6 Nf6 23. Nh2 Qd7 24. Kh1 c6 25. c4 b5 26. b3 Rb8 27. Rab1 bxc4 28. bxc4
Rxb1 29. Rxb1 Bxh6 30. Qxh6 cxd5 31. cxd5 Qh3 32. Kg1 {Diagram #} Qxh2+ 33.
Kxh2 Ng4+ 34. Kg2 Nxh6 0-1

[Event "11th Dubai Open 2009"]
[Site "Dubai"]
[Date "2009.05.04"]
[Round "9.48"]
[White "Mohamed, Moussa"]
[Black "Iihomzoda, Ikrom"]
[Result "1/2-1/2"]
[WhiteElo "1958"]
[BlackElo "2222"]
[PlyCount "53"]
[EventDate "2009.04.26"]
[WhiteTeam "Rusia"]
[BlackTeam "Irán"]
[WhiteTeamCountry "RUS"]
[BlackTeamCountry "IRI"]

1. d4 f5 2. e4 fxe4 3. Nc3 Nf6 4. Bg5 Nc6 5. d5 Ne5 6. Qd4 Nf7 7. h4 e5 8. dxe6
dxe6 9. Qxd8+ Nxd8 10. Bxf6 gxf6 11. Nxe4 f5 12. Ng5 h6 13. N5h3 e5 14. O-O-O
Be6 15. Kb1 Nf7 16. Bb5+ Ke7 17. Ne2 a6 18. Ba4 c5 19. c3 Bg7 20. Rhe1 Rhd8 {
Diagram #} 21. Nef4 exf4 22. Nxf4 Ne5 23. Nxe6 Kxe6 24. f4 b5 25. Bc2 Rxd1+ 26.
Bxd1 Bf6 27. h5 1/2-1/2

[Event "11th Dubai Open 2009"]
[Site "Dubai"]
[Date "2009.05.04"]
[Round "9.50"]
[White "Johny, P I."]
[Black "Poleschikov, Alexey"]
[Result "0-1"]
[WhiteElo "2079"]
[BlackElo "1919"]
[PlyCount "89"]
[EventDate "2009.04.26"]
[WhiteTeam "Rusia"]
[BlackTeam "Irán"]
[WhiteTeamCountry "RUS"]
[BlackTeamCountry "IRI"]

1. e4 c6 2. d4 d5 3. exd5 cxd5 4. c4 Nf6 5. Nc3 e6 6. Nf3 Bb4 7. Bd2 Nc6 8. a3
Be7 9. c5 O-O 10. b4 Ne4 11. Bd3 Nxd2 12. Qxd2 Bf6 13. O-O b6 14. b5 Nxd4 15.
Nxd4 Bxd4 16. Bxh7+ Kxh7 17. Qxd4 bxc5 18. Qxc5 Bb7 19. Rfd1 Qg5 20. Qe3 Qxe3
21. fxe3 Rac8 22. Rac1 Rc4 23. Kf1 Rfc8 24. Ne2 e5 25. Rxc4 Rxc4 26. Rc1 Rxc1+
27. Nxc1 Kg6 28. Ke2 Kf5 29. Nd3 d4 30. exd4 exd4 31. g3 Bd5 32. a4 Bb3 33. a5
Bc4 34. b6 axb6 35. axb6 Bd5 36. h3 Kg5 37. Nc5 f5 38. Kd3 Kf6 39. Kxd4 Bc6 40.
b7 Bxb7 41. Nxb7 g5 42. Nc5 Kg6 43. Ke5 f4 44. g4 f3 45. Nd3 0-1

[Event "11th Dubai Open 2009"]
[Site "Dubai"]
[Date "2009.05.04"]
[Round "9.51"]
[White "Yousif, Ammar Mohd"]
[Black "Bukhashem, Fayeqa S"]
[Result "1/2-1/2"]
[WhiteElo "2054"]
[BlackElo "1753"]
[PlyCount "37"]
[EventDate "2009.04.26"]
[WhiteTeam "Rusia"]
[BlackTeam "Irán"]
[WhiteTeamCountry "RUS"]
[BlackTeamCountry "IRI"]

1. e4 c5 2. Nf3 e6 3. d4 cxd4 4. Nxd4 a6 5. Be2 Qc7 6. c4 b6 7. Nc3 Bb7 8. Be3
d6 9. O-O Nf6 10. f3 Be7 11. Rc1 Nbd7 12. b4 Rc8 13. Qb3 O-O 14. Bf2 Ne5 {
Diagram #} 15. Na4 Nfd7 16. Rc3 Qb8 17. Rfc1 Nc6 18. Nxc6 Rxc6 19. Nb2 1/2-1/2

[Event "11th Dubai Open 2009"]
[Site "Dubai"]
[Date "2009.05.04"]
[Round "9.54"]
[White "Abdumalik, Zhansaya"]
[Black "Abdulrahman, Al Yafee"]
[Result "0-1"]
[WhiteElo "1854"]
[BlackElo "1913"]
[PlyCount "88"]
[EventDate "2009.04.26"]
[WhiteTeam "Rusia"]
[BlackTeam "Irán"]
[WhiteTeamCountry "RUS"]
[BlackTeamCountry "IRI"]

1. e4 e5 2. Nf3 Nc6 3. Bb5 d6 4. d4 exd4 5. Nxd4 Bd7 6. Bc4 h6 7. c3 Qe7 8. O-O
Nf6 9. Re1 Ng4 {Diagram #} 10. Nf5 Qf6 11. Qxg4 g6 12. Qh4 g5 13. Qg3 O-O-O 14.
Ne3 Ne5 15. Bf1 Rg8 16. Nc4 Ng6 17. Be3 Kb8 18. Bd4 Qe7 19. Nbd2 h5 20. Qf3 Nf4
21. Qd1 g4 22. Be3 Ng6 23. b4 Bg7 24. Qc2 h4 25. a4 Bf6 26. b5 g3 27. Reb1
gxh2+ 28. Kh1 Ne5 29. Nxe5 Bxe5 30. a5 h3 31. g3 Qf6 32. Ra3 {Diagram #} Bxg3
33. fxg3 Rxg3 34. Bd4 Qf4 35. Be2 Rdg8 36. Rf1 Rg1+ 37. Rxg1 Rxg1+ 38. Bxg1
hxg1=Q+ 39. Kxg1 Qe3+ 40. Kf1 h2 41. Kg2 Qg1+ 42. Kf3 h1=Q+ 43. Kf4 Qh4+ 44.
Kf3 Qgf2# 0-1

[Event "11th Dubai Open 2009"]
[Site "Dubai"]
[Date "2009.05.04"]
[Round "9.36"]
[White "Ahmed, Fayez"]
[Black "Tscharotschkin, Mikhail"]
[Result "0-1"]
[WhiteElo "1784"]
[BlackElo "2209"]
[PlyCount "62"]
[EventDate "2009.04.26"]
[WhiteTeam "Rusia"]
[BlackTeam "Irán"]
[WhiteTeamCountry "RUS"]
[BlackTeamCountry "IRI"]

1. e4 e6 2. d4 d5 3. Nc3 Bb4 4. e5 c5 5. Qg4 Ne7 6. Nf3 Nbc6 7. a3 cxd4 8. Nxd4
Nxd4 9. Qxd4 Nc6 10. Bb5 Bxc3+ 11. Qxc3 Bd7 12. Bd2 Ne7 13. Bd3 Rc8 14. Qb3 Qc7
15. f4 Nc6 16. Qc3 Qb6 17. b3 O-O 18. a4 a5 19. Qb2 Nb4 20. Ke2 d4 21. Bxb4
Qxb4 22. Qc1 Rc3 23. Qe1 Bc6 24. Rd1 {Diagram #} Be4 25. Rb1 Rfc8 26. Kf1 Bxd3+
27. cxd3 Qa3 28. Qe4 Rc1+ 29. Kf2 Rxb1 30. Rxb1 Qa2+ 31. Kg3 Qxb1 0-1